00397nam a2200109Ia 4500008004100000100001600041245009900057260002700156942000700183999001500190952008200205201231s9999 xx 000 0 und d aSeker, K R 0aPlanning successful employee performance: A practical guide to planning individual achievement aNew DelhibWheeler pub cBK c9743d9743 00104070aCLd2020-12-31o658.301 S463pPM05260r2020-12-31w2020-12-31yBK